| 000 | 00564nam a2200181 a 4500 | ||
|---|---|---|---|
| 001 | 000037860 | ||
| 005 | 20201002031128.0 | ||
| 008 | 130307s2010 pr 000 0 spa d | ||
| 020 | _a9789972082566 | ||
| 040 |
_aDO-SdBNP _bspa _cBNPHU |
||
| 100 | 1 |
_aSun,Tsu _964311 |
|
| 245 | 1 | 3 |
_aEl arte de la guerra / _cSun Tzu ;. |
| 260 |
_aLima, PerĂº : _bEditora Chirre, _c2010. |
||
| 300 |
_a81 p. ; _c22 cm. |
||
| 490 | 1 | _aGenios de la literatura universal | |
| 500 | _aIncluye cuestionario de comprension de lectura | ||
| 830 | 0 |
_aGenios de la literatura universal _964130 |
|
| 999 |
_c37350 _d37350 |
||